000 00966nam a2200301Ia 4500
003 OSt
005 20221007123813.0
006 a|||||r|||| 00| 0
007 ta
008 221006b |||||||| |||| 00| 0 eng d
020 _a8177587390 (pbk)
_cRs.1011.50
024 _a78923
037 _bEBA/482/2007-08, 07/09/2007, Educational Book Agency (India)
_cTextual
040 _aCDL
_cCDL
_beng
041 _2eng
_aeng
082 _aE5, P3;P8-;1 Carc
100 _aWade L G
_9717889
245 0 _aOrganic chemistry
_b Singh M S
250 _a6
260 _aDelhi
_bPearson Education
_c2008
300 _axxxvii, 1192p.
_ccm.
500 _aAppendix 1173-1192p.; Index I1-I11p.
650 _a Organic chemistry
650 _aChemistry
700 _a Singh M S
_9498593
942 _hE5, P3;P8-;1 Carc
_cTEXL
_2CC
999 _c1212504
_d1212504